|
|
|
|
| LEADER |
01058nam a2200289 u 4500 |
| 001 |
10020607 |
| 003 |
upatras |
| 005 |
20210428175059.0 |
| 008 |
990226s1994 uk eng |
| 020 |
|
|
|a 0198773943
|
| 040 |
|
|
|a GR-PaULI
|c GR-PaULI
|
| 041 |
0 |
|
|a eng
|
| 082 |
0 |
4 |
|a 331.137
|
| 100 |
1 |
|
|a Layard, Richard
|9 130403
|
| 245 |
1 |
0 |
|a The unemployment crisis
|c Richard Layard, Stephen Nickell, Richard Jackman
|
| 260 |
|
|
|a Oxford
|b Oxford University Press
|c 1994
|
| 300 |
|
|
|a xi, 157 p.
|b fig.
|c 22 cm.
|
| 504 |
|
|
|a Includes references and index
|
| 650 |
|
4 |
|a Ανεργία
|9 805
|
| 650 |
|
4 |
|a Αγορά εργασίας
|9 806
|
| 700 |
1 |
|
|a Nickell, Stephen
|9 130405
|
| 700 |
1 |
|
|a Jackman, Richard
|9 130404
|
| 852 |
|
|
|a GR-PaULI
|b ΠΑΤΡΑ
|b ΒΚΠ
|b ΒΣ1
|k ΑΣΧΞ
|h 331.137 LAY
|m 041020
|p 025000003147
|t 1
|
| 942 |
|
|
|2 ddc
|c BK15
|
| 952 |
|
|
|0 0
|1 0
|4 0
|6 331_137000000000000_LAY
|7 0
|9 180465
|a LISP
|b LISP
|c BSC
|d 2016-04-24
|i 041020
|l 0
|o 331.137 LAY
|p 025000003147
|r 2016-04-24 00:00:00
|t 1
|w 2016-04-24
|y BK15
|
| 998 |
|
|
|c ΜΑΝΙΑΚΗ
|d 1999-02
|
| 999 |
|
|
|c 111578
|d 111578
|